[Event "Split op 10th"]
[Site "Split"]
[Date "2021.08.01"]
[Round "3"]
[White "Minko, Dmitry"]
[Black "Armanda, Ivica"]
[Result "1/2-1/2"]
[WhiteElo "2136"]
[BlackElo "2253"]
[PlyCount "77"]
[EventDate "2021.07.31"]
[EventType "swiss"]
[EventRounds "9"]
[EventCountry "CRO"]
[SourceTitle "EXT 2022"]
[Source "ChessBase"]
[SourceDate "2021.10.06"]
[SourceVersion "1"]
[SourceVersionDate "2021.10.06"]
[SourceQuality "1"]

1. e4 c5 2. Nf3 d6 3. d4 cxd4 4. Nxd4 Nf6 5. Nc3 g6 6. Be3 Bg7 7. f3 0-0 8. Qd2 Nc6 9. 0-0-0 Nxd4 10. Bxd4 Be6 11. Kb1 Qc7 12. Nd5 Bxd5 13. exd5 Rfc8 14. Rc1 Qd7 15. g4 b5 16. h4 Qb7 17. c4 Rab8 18. h5 bxc4 19. Bxc4 Rc5 20. b3 Rbc8 21. Qb2 Qd7 22. Ka1 h6 23. hxg6 fxg6 24. a3 a5 25. Ka2 a4 26. Bxc5 Rxc5 27. b4 Rc7 28. Qe2 Kf8 29. Bb5 Qc8 30. Rxc7 Qxc7 31. Bc6 Qb6 32. Re1 Qd4 33. Qxe7+ Kg8 34. Qe2 Nxd5 35. Rc1 Nc3+ 36. Rxc3 Qxc3 37. Bxa4 Qa1+ 38. Kb3 Qc3+ 39. Ka2 1/2-1/2

[Event "Split op 8th"]
[Site "Split"]
[Date "2018.08.18"]
[Round "8"]
[White "Armanda, Ivica"]
[Black "Gjuran, Denis"]
[Result "0-1"]
[WhiteElo "2294"]
[BlackElo "2321"]
[PlyCount "130"]
[EventDate "2018.08.12"]
[EventType "swiss"]
[EventRounds "9"]
[EventCountry "CRO"]
[SourceTitle "CBM 186 Extra"]
[Source "ChessBase"]
[SourceDate "2018.08.24"]
[SourceVersion "1"]
[SourceVersionDate "2018.08.24"]
[SourceQuality "1"]

1. e4 c5 2. Nf3 Nc6 3. d4 cxd4 4. Nxd4 g6 5. Nc3 Bg7 6. Be3 Nf6 7. Bc4 0-0 8. Bb3 a5 9. 0-0 d6 10. Ndb5 b6 11. a4 Ba6 12. Qe2 Rc8 13. f3 Nd7 14. Rfd1 Nc5 15. Qf2 Nb4 16. Bc4 Qd7 17. Bf1 f5 18. exf5 Qxf5 19. Rd2 Bb7 20. Re1 Be5 21. f4 Bf6 22. Bd4 d5 23. Bxf6 Qxf6 24. g3 Rcd8 25. Nd4 Ne4 26. Nxe4 dxe4 27. c3 e5 28. fxe5 Qxe5 29. Qe3 Nd5 30. Qxe4 Qxe4 31. Rxe4 Nxc3 32. Re7 Ne4 33. Rd1 Ba8 34. Bg2 Nf2 35. Rd2 Bxg2 36. Kxg2 Ng4 37. h3 Nf6 38. Nf3 Rxd2+ 39. Nxd2 Rc8 40. Nf3 Rc2+ 41. Kg1 Rxb2 42. Ng5 h6 43. Nf7 Kf8 44. Rb7 Ne4 45. Ne5 Nxg3 46. Nxg6+ Ke8 47. Ne5 Ne2+ 48. Kh1 Nc3 49. Nc4 Rb4 50. Nd6+ Kf8 51. Nf5 Nxa4 52. Rh7 Nc5 53. Rxh6 a4 54. Rh8+ Kf7 55. Ra8 Ke6 56. Ng7+ Ke5 57. Kh2 Rh4 58. Kg3 Rh7 59. Ne8 Rh8 60. h4 Ne4+ 61. Kf3 Nf6 62. Rxa4 Rxe8 63. h5 Rh8 64. Ra1 Rxh5 65. Rc1 Kd5 0-1

[Event "Split op 8th"]
[Site "Split"]
[Date "2018.08.12"]
[Round "1"]
[White "Armanda, Ivica"]
[Black "Mrvicin, Marin"]
[Result "1-0"]
[WhiteElo "2294"]
[BlackElo "1801"]
[PlyCount "81"]
[EventDate "2018.08.12"]
[EventType "swiss"]
[EventRounds "9"]
[EventCountry "CRO"]
[SourceTitle "CBM 186 Extra"]
[Source "ChessBase"]
[SourceDate "2018.08.24"]
[SourceVersion "1"]
[SourceVersionDate "2018.08.24"]
[SourceQuality "1"]

1. e4 e5 2. Nf3 Nc6 3. Bc4 Bc5 4. b4 Bxb4 5. c3 Ba5 6. d4 d6 7. Qb3 Qd7 8. dxe5 Bb6 9. exd6 Na5 10. Qb5 Nxc4 11. Qxc4 Qxd6 12. 0-0 Qe6 13. Qd3 Bd7 14. a4 a6 15. Nbd2 0-0-0 16. Nd4 Qg6 17. Nc4 Bc5 18. Bf4 f6 19. Ne3 Bc6 20. f3 Ne7 21. Qc4 Bd6 22. Bxd6 Rxd6 23. Ndf5 Nxf5 24. Nxf5 Rd7 25. Qc5 Re8 26. Nd4 Rd6 27. Nxc6 Rxc6 28. Qa7 Rb6 29. Rfd1 Rd6 30. Rxd6 cxd6 31. Rb1 Re7 32. Qa8+ Kd7 33. Qxb7+ Ke8 34. Qc6+ Kf8 35. Qxd6 Kf7 36. Qd5+ Kf8 37. Rb8+ Re8 38. Qd6+ Kg8 39. Qe6+ Kf8 40. Rxe8+ Qxe8 41. Qxe8+ 1-0

[Event "Solta Amateur op"]
[Site "Grohote"]
[Date "2018.07.01"]
[Round "9"]
[White "Armanda, Ivica"]
[Black "Bajlo, Kristijan"]
[Result "1-0"]
[WhiteElo "2295"]
[BlackElo "2151"]
[PlyCount "61"]
[EventDate "2018.06.24"]
[EventType "swiss"]
[EventRounds "9"]
[EventCountry "CRO"]
[SourceTitle "CBM 185 Extra"]
[Source "ChessBase"]
[SourceDate "2018.07.29"]
[SourceVersion "1"]
[SourceVersionDate "2018.07.29"]
[SourceQuality "1"]

1. e4 c5 2. Nf3 e6 3. d4 cxd4 4. Nxd4 a6 5. Nc3 Qc7 6. Be2 Nf6 7. 0-0 d6 8. Kh1 Be7 9. f4 Nc6 10. Be3 Bd7 11. Qe1 0-0 12. Qg3 Kh8 13. Rad1 Rad8 14. a4 Rg8 15. Bd3 e5 16. fxe5 Nxe5 17. Nf5 Bxf5 18. Rxf5 Qc8 19. Rdf1 Qe6 20. Bd4 Nc6 21. Bb6 Rdf8 22. Qf4 Ne5 23. Bd4 Nfd7 24. Nd5 Bd8 25. Qg3 Ng6 26. Qh3 Nf6 27. Nxf6 gxf6 28. Rxf6 Qxh3 29. Rxg6+ f6 30. Rxg8+ Kxg8 31. gxh3 1-0

[Event "Split op 7th"]
[Site "Split"]
[Date "2017.08.25"]
[Round "7"]
[White "Armanda, Ivica"]
[Black "Starcevic, Ante Leon"]
[Result "1-0"]
[WhiteElo "2335"]
[BlackElo "2102"]
[PlyCount "39"]
[EventDate "2017.08.20"]
[EventType "swiss"]
[EventRounds "9"]
[EventCountry "CRO"]
[SourceTitle "CBM 180 Extra"]
[Source "ChessBase"]
[SourceDate "2017.10.06"]
[SourceVersion "1"]
[SourceVersionDate "2017.10.06"]
[SourceQuality "1"]

1. e4 c5 2. Nf3 e6 3. d4 cxd4 4. Nxd4 Nf6 5. Nc3 d6 6. Be2 Nc6 7. 0-0 Be7 8. Be3 Bd7 9. Kh1 0-0 10. f4 Nxd4 11. Bxd4 Bc6 12. Bd3 Nd7 13. Qg4 e5 14. fxe5 dxe5 15. Be3 Nc5 16. Bc4 Na4 17. Rad1 Qc8 18. Qg3 Nxc3 19. Bh6 g6 20. Qxe5 1-0

[Event "Split op 7th"]
[Site "Split"]
[Date "2017.08.22"]
[Round "4"]
[White "Tomas, Ante"]
[Black "Armanda, Ivica"]
[Result "0-1"]
[WhiteElo "2135"]
[BlackElo "2335"]
[PlyCount "104"]
[EventDate "2017.08.20"]
[EventType "swiss"]
[EventRounds "9"]
[EventCountry "CRO"]
[SourceTitle "CBM 180 Extra"]
[Source "ChessBase"]
[SourceDate "2017.10.06"]
[SourceVersion "1"]
[SourceVersionDate "2017.10.06"]
[SourceQuality "1"]

1. e4 c5 2. c3 g6 3. d4 cxd4 4. cxd4 d5 5. Nc3 dxe4 6. Bc4 Nf6 7. Qb3 e6 8. d5 exd5 9. Nxd5 Nxd5 10. Bxd5 Bb4+ 11. Qxb4 Qxd5 12. Qc3 Bg4 13. Qxh8+ Ke7 14. Ne2 Bxe2 15. Kxe2 Nc6 16. Qc3 Rd8 17. Be3 Qh5+ 18. f3 exf3+ 19. gxf3 Ne5 20. Bd4 Rxd4 21. Qxd4 Qxf3+ 22. Kd2 Qg2+ 23. Kc3 Qf3+ 24. Kc2 Qg2+ 25. Kb3 Qf3+ 26. Ka4 Qc6+ 27. Ka3 Qa6+ 28. Qa4 Qd3+ 29. b3 b5 30. Qxa7+ Kf6 31. Rhf1+ Kg7 32. Rac1 Qd6+ 33. Qc5 Qa6+ 34. Kb2 Nd3+ 35. Kb1 Nxc5 36. Rxc5 b4 37. Rfc1 Qd3+ 38. Kb2 Qd4+ 39. Kb1 f5 40. Rc7+ Kh6 41. R1c4 Qg1+ 42. Kc2 Qxh2+ 43. Kd3 f4 44. Rf7 Qxa2 45. Rxb4 Qb1+ 46. Kd2 g5 47. Rb6+ Kh5 48. Rbb7 Qb2+ 49. Kd3 Kg4 50. Rb5 f3 51. Kc4 f2 52. Rbf5 Qc2+ 0-1

[Event "CRO-chT1A 25th"]
[Site "Sibenik"]
[Date "2016.10.15"]
[Round "8.4"]
[White "Armanda, Ivica"]
[Black "Dutina, Dario"]
[Result "1/2-1/2"]
[WhiteElo "2345"]
[BlackElo "2304"]
[PlyCount "86"]
[EventDate "2016.10.08"]
[EventType "team-tourn"]
[EventRounds "9"]
[EventCountry "CRO"]
[SourceTitle "EXT 2017"]
[Source "ChessBase"]
[SourceDate "2016.10.25"]
[SourceVersion "1"]
[SourceVersionDate "2016.10.25"]
[SourceQuality "1"]
[WhiteTeam "Solin Cemex"]
[BlackTeam "Sesvete Sljeme"]
[WhiteTeamCountry "CRO"]
[BlackTeamCountry "CRO"]

1. e4 d6 2. d4 Nf6 3. Nc3 e5 4. Nf3 Nbd7 5. Bc4 Be7 6. a4 0-0 7. 0-0 c6 8. Ba2 a5 9. Re1 exd4 10. Nxd4 Nc5 11. h3 Re8 12. Bg5 Ne6 13. Bh4 g6 14. Nf3 Nh5 15. Bxe7 Qxe7 16. Qd2 Nef4 17. Rad1 Qf6 18. Re3 Be6 19. Bxe6 Rxe6 20. h4 d5 21. g3 Nh3+ 22. Kg2 dxe4 23. Nxe4 Qf5 24. Nd4 N3f4+ 25. gxf4 Qg4+ 26. Kf1 Rxe4 27. Rxe4 Qh3+ 28. Ke2 f5 29. Nxf5 Qxf5 30. Qe3 Rf8 31. Rdd4 Qg4+ 32. Kd2 Qxh4 33. Re8 Nf6 34. Qe6+ Kg7 35. Qe7+ Rf7 36. Qe3 Nxe8 37. Qxe8 Qxf2+ 38. Kc3 Qf3+ 39. Kc4 b5+ 40. Kc5 bxa4 41. Qe5+ Kh6 42. Qg5+ Kg7 43. Qe5+ Kh6 1/2-1/2

[Event "Split op 6th"]
[Site "Split"]
[Date "2016.08.19"]
[Round "8"]
[White "Muha, Miljenko"]
[Black "Armanda, Ivica"]
[Result "0-1"]
[WhiteElo "2214"]
[BlackElo "2335"]
[PlyCount "96"]
[EventDate "2016.08.13"]
[EventType "swiss"]
[EventRounds "9"]
[EventCountry "CRO"]
[SourceTitle "CBM 173 Extra"]
[Source "ChessBase"]
[SourceDate "2016.08.29"]
[SourceVersion "1"]
[SourceVersionDate "2016.08.29"]
[SourceQuality "1"]

1. d4 Nf6 2. c4 c5 3. d5 b5 4. cxb5 a6 5. bxa6 g6 6. Nc3 Bg7 7. a7 Rxa7 8. e4 0-0 9. Nf3 e6 10. Be2 exd5 11. exd5 d6 12. 0-0 Ba6 13. Re1 Re8 14. Bxa6 Rxe1+ 15. Qxe1 Nxa6 16. Bf4 Nb4 17. Qd2 c4 18. Rd1 Qb6 19. Bg3 Ra8 20. b3 cxb3 21. axb3 Na6 22. Nd4 Nc5 23. Nc6 Qxb3 24. Rb1 Nfe4 25. Rxb3 Nxd2 26. Rb8+ Rxb8 27. Nxb8 Bxc3 28. Bxd6 Nde4 29. Bc7 Nb7 30. f3 Nf6 31. Nc6 Nxd5 32. Bg3 Na5 33. Ne5 Bd4+ 34. Kh1 Bxe5 35. Bxe5 Nc6 36. Bd6 f6 37. h3 Kf7 38. Kh2 Ke6 39. Ba3 h5 40. g3 Ne5 41. Kg2 Nd3 42. Bf8 Ne7 43. h4 Nf5 44. Kh3 Nd4 45. f4 Kf5 46. Be7 Nf2+ 47. Kg2 Ne4 48. Kh3 Ne2 0-1

[Event "Split op 6th"]
[Site "Split"]
[Date "2016.08.18"]
[Round "7"]
[White "Armanda, Ivica"]
[Black "Plenkovic, Zdenko"]
[Result "1/2-1/2"]
[WhiteElo "2335"]
[BlackElo "2409"]
[PlyCount "98"]
[EventDate "2016.08.13"]
[EventType "swiss"]
[EventRounds "9"]
[EventCountry "CRO"]
[SourceTitle "CBM 173 Extra"]
[Source "ChessBase"]
[SourceDate "2016.08.29"]
[SourceVersion "1"]
[SourceVersionDate "2016.08.29"]
[SourceQuality "1"]

1. e4 c5 2. Nf3 a6 3. c4 Nc6 4. d4 cxd4 5. Nxd4 e5 6. Nb3 Nf6 7. Nc3 Bb4 8. Bd3 d6 9. 0-0 0-0 10. Bg5 Bxc3 11. bxc3 h6 12. Bc1 Bg4 13. Be2 Be6 14. Qc2 Qc7 15. f4 exf4 16. Bxf4 Nd7 17. c5 Nde5 18. cxd6 Qxd6 19. Rad1 Qa3 20. Rb1 Rac8 21. Qb2 Qxb2 22. Rxb2 Nc4 23. Bxc4 Bxc4 24. Re1 Bxb3 25. axb3 Rfd8 26. Re3 g5 27. Bg3 a5 28. h4 Rd1+ 29. Kh2 gxh4 30. Bxh4 Ne5 31. Rg3+ Ng6 32. Bf6 Rf1 33. Bd4 Re8 34. Ra2 Rxe4 35. Rxa5 Rh4+ 36. Rh3 Rxh3+ 37. Kxh3 Nf4+ 38. Kh2 Ne6 39. Ra8+ Kh7 40. Rb8 Nxd4 41. cxd4 Rd1 42. Rxb7 Kg6 43. Rb4 Kf5 44. Rb7 f6 45. Rb5+ Kg4 46. Rb6 Kg5 47. Rd6 Rb1 48. Rb6 Rd1 49. Rd6 Rb1 1/2-1/2

[Event "Split op 6th"]
[Site "Split"]
[Date "2016.08.14"]
[Round "2"]
[White "Gerard, Ferry FJF"]
[Black "Armanda, Ivica"]
[Result "0-1"]
[WhiteElo "2046"]
[BlackElo "2335"]
[PlyCount "63"]
[EventDate "2016.08.13"]
[EventType "swiss"]
[EventRounds "9"]
[EventCountry "CRO"]
[SourceTitle "CBM 173 Extra"]
[Source "ChessBase"]
[SourceDate "2016.08.29"]
[SourceVersion "1"]
[SourceVersionDate "2016.08.29"]
[SourceQuality "1"]

1. d4 Nf6 2. c4 g6 3. Nc3 Bg7 4. e4 d6 5. f3 0-0 6. Be3 Nc6 7. Bd3 e5 8. d5 Nd4 9. Nge2 Nh5 10. Ng3 Nf4 11. Qd2 Bh3 12. Bf1 c5 13. 0-0-0 Bd7 14. h4 b5 15. h5 Qa5 16. hxg6 fxg6 17. Nge2 b4 18. Nb1 Nfxe2+ 19. Bxe2 Qxa2 20. Bxd4 exd4 21. Rdf1 a5 22. g3 a4 23. Bd3 Qa1 24. Qh2 h6 25. Qg2 b3 26. Qd2 a3 27. bxa3 Rxa3 28. Qb2 Qxb2+ 29. Kxb2 Ra2+ 30. Kc1 Rg2 31. Nd2 Ba4 32. Nb1 0-1

[Event "Bosnjaci op 21st"]
[Site "Bosnjaci"]
[Date "2016.01.08"]
[Round "8"]
[White "Trbojevic, Mladen"]
[Black "Armanda, Ivica"]
[Result "1/2-1/2"]
[WhiteElo "2379"]
[BlackElo "2319"]
[PlyCount "79"]
[EventDate "2016.01.03"]
[EventType "swiss"]
[EventRounds "9"]
[EventCountry "CRO"]
[SourceTitle "CBM 170 Extra"]
[Source "ChessBase"]
[SourceDate "2016.02.25"]
[SourceVersion "1"]
[SourceVersionDate "2016.02.25"]
[SourceQuality "1"]

1. e4 c5 2. Nf3 g6 3. c3 Bg7 4. Na3 Nf6 5. e5 Nd5 6. Bc4 Nb6 7. Bb3 0-0 8. 0-0 Nc6 9. Re1 a6 10. d4 cxd4 11. cxd4 d5 12. h3 Bd7 13. Bf4 a5 14. Qd2 a4 15. Bc2 Na5 16. Bd3 Nac4 17. Bxc4 dxc4 18. d5 Bf5 19. d6 exd6 20. exd6 Bd3 21. Ne5 Qxd6 22. Naxc4 Nxc4 23. Nxc4 Qd8 24. Nd6 Ba6 25. Qd5 h6 26. Rad1 Qh4 27. Be5 Rad8 28. g3 Qh5 29. Kh2 Bxe5 30. Rxe5 g5 31. Qd4 Be2 32. Rd2 Bf1 33. h4 Qf3 34. Qd5 Qg4 35. Kg1 Qh3 36. Rxg5+ hxg5 37. Qxg5+ Kh7 38. Qh5+ Kg8 39. Qg5+ Kh7 40. Qh5+ 1/2-1/2

[Event "Bosnjaci op 20th"]
[Site "Bosnjaci"]
[Date "2015.01.09"]
[Round "9"]
[White "Armanda, Ivica"]
[Black "Jelecevic, Ivo"]
[Result "0-1"]
[WhiteElo "2350"]
[BlackElo "2144"]
[PlyCount "42"]
[EventDate "2015.01.03"]
[EventType "swiss"]
[EventRounds "9"]
[EventCountry "CRO"]
[SourceTitle "CBM 164 Extra"]
[Source "ChessBase"]
[SourceDate "2015.03.02"]
[SourceVersion "1"]
[SourceVersionDate "2015.03.02"]
[SourceQuality "1"]

1. e4 c5 2. Nf3 d6 3. d4 cxd4 4. Qxd4 Nf6 5. Nc3 a6 6. Bg5 Nc6 7. Qd2 e6 8. 0-0-0 Qc7 9. Nd4 Bd7 10. f4 Rc8 11. Nxc6 Bxc6 12. Bxf6 gxf6 13. f5 Bxe4 14. fxe6 fxe6 15. Nxe4 Bh6 16. Nxd6+ Ke7 17. Nxc8+ Rxc8 18. Bd3 Bxd2+ 19. Rxd2 Qf4 20. Bxh7 f5 21. Rhd1 Rd8 0-1

[Event "Bosnjaci op 20th"]
[Site "Bosnjaci"]
[Date "2015.01.08"]
[Round "8"]
[White "Dizdarevic, Emir"]
[Black "Armanda, Ivica"]
[Result "1-0"]
[WhiteElo "2537"]
[BlackElo "2350"]
[PlyCount "81"]
[EventDate "2015.01.03"]
[EventType "swiss"]
[EventRounds "9"]
[EventCountry "CRO"]
[SourceTitle "CBM 164 Extra"]
[Source "ChessBase"]
[SourceDate "2015.03.02"]
[SourceVersion "1"]
[SourceVersionDate "2015.03.02"]
[SourceQuality "1"]

1. Nf3 Nf6 2. c4 g6 3. g3 d6 4. d4 Bg7 5. Bg2 0-0 6. Nc3 Nc6 7. 0-0 Bf5 8. Nh4 Bd7 9. b3 a6 10. Bb2 Rb8 11. Rc1 b5 12. Nd5 bxc4 13. Nxf6+ Bxf6 14. Rxc4 Na5 15. Rc2 c6 16. e4 Bg7 17. Qd2 Nb7 18. e5 Qb6 19. Re1 Rfd8 20. Qf4 d5 21. Nf3 Bf5 22. Rcc1 h6 23. Nh4 Be6 24. Qe3 g5 25. Nf3 Rdc8 26. Bf1 Ra8 27. h4 g4 28. Nh2 a5 29. Be2 a4 30. b4 Na5 31. Bc3 Nc4 32. Qf4 h5 33. Qg5 Rf8 34. Qxh5 f5 35. exf6 Rxf6 36. Nxg4 Bxg4 37. Qxg4 Nd6 38. Bd3 Raf8 39. Rxe7 Nf7 40. Rce1 Rxf2 41. Qg6 1-0

[Event "Bosnjaci op 20th"]
[Site "Bosnjaci"]
[Date "2015.01.04"]
[Round "3"]
[White "Armanda, Ivica"]
[Black "Nemec, Vjekoslav"]
[Result "0-1"]
[WhiteElo "2350"]
[BlackElo "2163"]
[PlyCount "51"]
[EventDate "2015.01.03"]
[EventType "swiss"]
[EventRounds "9"]
[EventCountry "CRO"]
[SourceTitle "CBM 164 Extra"]
[Source "ChessBase"]
[SourceDate "2015.03.02"]
[SourceVersion "1"]
[SourceVersionDate "2015.03.02"]
[SourceQuality "1"]

1. e4 c6 2. d4 d5 3. Nc3 dxe4 4. Nxe4 Nf6 5. Nxf6+ exf6 6. c3 Bd6 7. Bd3 0-0 8. Qc2 Kh8 9. Be3 Be6 10. h4 h6 11. Ne2 Re8 12. Qd2 f5 13. a3 Nd7 14. 0-0-0 Nb6 15. Bxh6 Nc4 16. Qg5 gxh6 17. Qxh6+ Kg8 18. Rh3 Qb6 19. Bxc4 Bxc4 20. Ng3 Re6 21. Qd2 f4 22. h5 Rae8 23. Nf5 Re2 24. Rg3+ Kh8 25. Nxd6 Rxd2 26. Nxf7+ 0-1

[Event "CRO-chT1A"]
[Site "Bol"]
[Date "2014.10.12"]
[Round "9.3"]
[White "Armanda, Ivica"]
[Black "Bozinovic, Bogdan"]
[Result "1/2-1/2"]
[WhiteElo "2356"]
[BlackElo "2262"]
[PlyCount "62"]
[EventDate "2014.10.04"]
[EventType "team-tourn"]
[EventRounds "9"]
[EventCountry "CRO"]
[SourceTitle "CBM 162 Extra"]
[Source "ChessBase"]
[SourceDate "2014.10.17"]
[SourceVersion "1"]
[SourceVersionDate "2014.10.17"]
[SourceQuality "1"]
[WhiteTeam "Solin Cemex"]
[BlackTeam "Sesvete"]
[WhiteTeamCountry "CRO"]
[BlackTeamCountry "CRO"]

1. e4 e6 2. d4 d5 3. exd5 exd5 4. Nf3 Nf6 5. Bd3 Bd6 6. h3 h6 7. 0-0 0-0 8. Re1 Re8 9. Rxe8+ Qxe8 10. Nc3 c6 11. Bd2 Nbd7 12. Qe1 Qxe1+ 13. Rxe1 Nf8 14. Ne2 Bd7 15. Bf4 Bxf4 16. Nxf4 Re8 17. Rxe8 Nxe8 18. c3 Nd6 19. Nd2 Bf5 20. Bxf5 Nxf5 21. Nd3 Ne6 22. Kf1 Nd6 23. g3 Kf8 24. h4 Ke7 25. Ke2 f6 26. Kf3 g6 27. Nf4 Nxf4 28. Kxf4 Ke6 29. Kf3 h5 30. Ke3 b6 31. a3 a6 1/2-1/2

[Event "Split op 4th"]
[Site "Split"]
[Date "2014.08.18"]
[Round "4"]
[White "Saric, Ante"]
[Black "Armanda, Ivica"]
[Result "1-0"]
[WhiteElo "2536"]
[BlackElo "2362"]
[PlyCount "66"]
[EventDate "2014.08.16"]
[EventType "swiss"]
[EventRounds "9"]
[EventCountry "CRO"]
[SourceTitle "CBM 161 Extra"]
[Source "ChessBase"]
[SourceDate "2014.08.29"]
[SourceVersion "1"]
[SourceVersionDate "2014.08.29"]
[SourceQuality "1"]

1. Nf3 c5 2. c4 Nc6 3. d4 cxd4 4. Nxd4 e5 5. Nc2 Bc5 6. Nc3 Nf6 7. g3 Qb6 8. e3 d6 9. Bg2 Be6 10. b3 Qc7 11. 0-0 a6 12. Ba3 Rd8 13. Qd2 0-0 14. Rfd1 Bg4 15. Rdc1 Qe7 16. Nd5 Nxd5 17. cxd5 Nb8 18. Bxc5 dxc5 19. e4 b6 20. b4 Rc8 21. Ne3 Bd7 22. bxc5 Rxc5 23. Rxc5 bxc5 24. Qc3 Rc8 25. Nc4 f6 26. Nb6 Rc7 27. Rb1 Rb7 28. Rb3 Bb5 29. Nc4 Bxc4 30. d6 Qxd6 31. Qxc4+ Rf7 32. Bh3 Kf8 33. Qd5 Re7 1-0

[Event "CRO-chT"]
[Site "Bol"]
[Date "2014.05.15"]
[Round "3.1"]
[White "Armanda, Ivica"]
[Black "Saric, Ante"]
[Result "0-1"]
[WhiteElo "2370"]
[BlackElo "2528"]
[PlyCount "72"]
[EventDate "2014.05.14"]
[EventType "team-swiss"]
[EventRounds "6"]
[EventCountry "CRO"]
[SourceTitle "CBM 160 Extra"]
[Source "ChessBase"]
[SourceDate "2014.07.01"]
[SourceVersion "1"]
[SourceVersionDate "2014.07.01"]
[SourceQuality "1"]
[WhiteTeam "Solin Cemex"]
[BlackTeam "Zagreb Zagreb"]
[WhiteTeamCountry "CRO"]
[BlackTeamCountry "CRO"]

1. e4 e6 2. Nf3 d5 3. Nc3 Nf6 4. e5 Nfd7 5. d4 c5 6. dxc5 Bxc5 7. Bd3 Nc6 8. Bf4 f6 9. exf6 Qxf6 10. Bg5 Qf7 11. Bh4 Nde5 12. Nxe5 Nxe5 13. Bb5+ Bd7 14. Bxd7+ Nxd7 15. 0-0 0-0 16. Qe2 Rac8 17. Rad1 Bb6 18. Nb5 Qg6 19. c3 Nc5 20. Be7 Rf4 21. Bxc5 Bxc5 22. Nd4 Re4 23. Qb5 Qf7 24. Nf3 h6 25. Rde1 a6 26. Qd3 Qf5 27. Qb1 Rf8 28. Rxe4 dxe4 29. Nd4 Qd5 30. Nb3 Ba7 31. Qe1 Qd3 32. Nc1 Qc2 33. Qe2 Rxf2 34. Rxf2 Qxc1+ 35. Qf1 Qxb2 36. g4 Qxa2 0-1

[Event "Splitsko Dalmatinske-ch"]
[Site "Split"]
[Date "2014.03.13"]
[Round "6"]
[White "Biliskov, Vjekoslav"]
[Black "Armanda, Ivica"]
[Result "1/2-1/2"]
[WhiteElo "2356"]
[BlackElo "2372"]
[PlyCount "56"]
[EventDate "2014.03.08"]
[EventType "swiss"]
[EventRounds "9"]
[EventCountry "CRO"]
[SourceTitle "CBM 159 Extra"]
[Source "ChessBase"]
[SourceDate "2014.04.24"]
[SourceVersion "1"]
[SourceVersionDate "2014.04.24"]
[SourceQuality "1"]

1. e4 c5 2. Nf3 d6 3. c3 Nf6 4. Be2 g6 5. 0-0 Bg7 6. Bb5+ Bd7 7. Bxd7+ Qxd7 8. Re1 0-0 9. d4 Na6 10. Nbd2 cxd4 11. cxd4 Rac8 12. Nb3 Nb4 13. Re2 Qa4 14. Bg5 h6 15. Bh4 g5 16. Bg3 Nh5 17. a3 Nc6 18. Qd3 Rfd8 19. Rd1 Na5 20. Nxa5 Qxa5 21. h4 Nxg3 22. fxg3 g4 23. Nh2 h5 24. Nf1 Qa4 25. Ne3 e6 26. Rc2 Rxc2 27. Nxc2 Rc8 28. Ne3 Bh6 1/2-1/2